000 00535nam a2200169Ia 4500
008 230718s9999 xx 000 0 und d
020 _a9789322008307
041 _aeng
082 _a355.331092
_bSHA
100 _aShah Z.U.
_9201565
245 _aThe Sarkari Mussalman - The Life And Travails Of A Soldier Educationist
_bThe Memoirs Of Lt. Gen. Zameer Uddin Shah
260 _c2019
_bKonark
300 _a202
365 _cRs.
_b695.00
700 _aShah Z.U.
_9201565
906 _dO:0643402-Mar-2019B:500120-Feb-2019
_cGENRL
_b152.9
999 _c349729
_d349729